00605 a2200145 4500003000500000005001700005040000900022082001700031100002100048245003300069260003800102300001000140505027500150650003400425Nust20221216174238.0 cNust a621.3824,BLA aV.Blake, Lamonat aAntennas /cLamonat V.Blake, aJohn Wiely & SonsbNew Yorkc1966 a415 p aElectromagnetic waves (Page-1). Transmission lines (Page-57), Antennas parameters (Page-107), Basic radiators and feed methods (Page-149), Arrays (Page-209). Reflectors and lenses (Page-256), Antennas with special properties (Page-301), Antennas measurements (Page-349). aTelecommunication engineering